000
00316nam a2200145Ia 4500
100
_a
Mortier/ Shamma.R
942
_c
BK
366
_f
15
654
_a
Page Maker 6.5 Complete
245
_a
Page Maker 6.5 Complete
260
_b
Tech Media
_a
New Delhi
_c
1997
082
_a
5.1
300
_a
905
546
_a
ENGLISH
999
_c
24097
_d
24097